000
00299nam a22001337a 4500
082
_a
894.812.3
_b
AYU/M
100
_a
AYOOR,CHANDRAMATHY
245
_a
MRUTHASANJEEVANI
250
_a
FIRST
260
_a
ERNAKULAM
_b
EARLY BIRD PUBLISHERS
_c
2005
300
_a
80
650
_a
STORY
_z
KERALA
942
_c
BK
999
_c
1570
_d
1570